[Event "Tenerife-chT Tercera-A 1920"]
[Site "Tenerife"]
[Date "2020.01.25"]
[Round "5.3"]
[White "Hernandez Yanes, Pablo"]
[Black "Ferrer Herrera, David Francisco"]
[Result "0-1"]
[WhiteElo "1338"]
[BlackElo "1392"]
[PlyCount "33"]
[EventDate "2019.11.30"]
[EventType "team-tourn"]
[EventRounds "14"]
[EventCountry "ESP"]
[SourceTitle "CBM 195 Extra"]
[Source "ChessBase"]
[SourceDate "2020.05.31"]
[SourceVersion "1"]
[SourceVersionDate "2020.05.31"]
[SourceQuality "1"]
[WhiteTeam "Calsentinitos El Sauzal"]
[BlackTeam "Ies La Laboral"]
[WhiteTeamCountry "ESP"]
[BlackTeamCountry "ESP"]

1. e4 d5 2. exd5 Qxd5 3. Nc3 Qe5+ 4. Qe2 Nc6 5. Qxe5 Nxe5 6. d4 Nc6 7. Bb5 Bd7 8. Nf3 e6 9. Bf4 0-0-0 10. Ne5 Nxe5 11. Bxe5 f6 12. Bxd7+ Rxd7 13. Bf4 g5 14. Be3 a6 15. 0-0 h5 16. h3 g4 17. h4 0-1

[Event "Tenerife-chT3 1718"]
[Site "Tenerife"]
[Date "2018.01.20"]
[Round "7.3"]
[White "Gonzalez Borges, Gabriel"]
[Black "Hernandez Yanes, Pablo"]
[Result "0-1"]
[WhiteElo "1008"]
[BlackElo "1133"]
[PlyCount "72"]
[EventDate "2017.11.11"]
[EventType "team-tourn"]
[EventRounds "18"]
[EventCountry "ESP"]
[SourceTitle "EXT 2019"]
[Source "ChessBase"]
[SourceDate "2018.10.10"]
[SourceVersion "1"]
[SourceVersionDate "2018.10.10"]
[SourceQuality "1"]
[WhiteTeam "Escaque A2 Colegio la Salle"]
[BlackTeam "Calsentinitos Mayco"]
[WhiteTeamCountry "ESP"]
[BlackTeamCountry "ESP"]

1. d4 d5 2. Nf3 Nc6 3. Nc3 Nf6 4. e3 Bg4 5. h3 Bh5 6. Bb5 e6 7. Ba4 Bd6 8. 0-0 0-0 9. Re1 Qd7 10. Nb5 a6 11. Nxd6 Qxd6 12. b3 Ne4 13. Bxc6 bxc6 14. Rb1 Nc3 15. Qd2 Nxb1 16. Qe2 Nc3 17. Qd3 Nxa2 18. Bb2 Nb4 19. Qc3 Na2 20. Qd2 Qb4 21. Qd1 g6 22. Re2 Nc3 23. Bxc3 Qxc3 24. Rd2 Rab8 25. Rd3 Qb2 26. Qe1 Rb5 27. g4 Qxc2 28. Rc3 Qa2 29. gxh5 Rxb3 30. Ne5 Rxc3 31. Qxc3 gxh5 32. Nxc6 Qb1+ 33. Kh2 f5 34. Ne7+ Kf7 35. Nc6 Rg8 36. Qd2 Qg1# 0-1